000 01759nam a22002777a 4500
005 20151216082758.0
008 130419s1871||||gw a fr|||||001|0|ger d
040 _aCo-BoUCM
_bspa
_cSandra Yazo (modificó)
_dSandra Yazo (modificó)
041 0 _ager
082 0 4 _a540
_220
092 _aE02N098
100 1 _aRoscoe, Henry E.
_q(Henry Enfield)
_d1833-1915
_938462
242 0 0 _aBreve manual de la Química.
_bSegún los más recientes adelantos de la ciencia
_cpor H. E. Roscoe.
_yspa
245 1 0 _aKurzes Lehrbuch der Chemie
_bNach den neuesten Ansichten der Wissenschaft
_cvon H. E. Roscoe
260 _aBraunschweig [Brunswick] (Alemania)
_bDruck und Verlag von Friedrich Vieweg und Sohn [En la imprenta y editorial de Friedrich Vieweg e hijo]
_c1871
300 _a33 - 450 páginas
_bilustraciones, gráficos.
_c19 x 13 cm.
500 _aDetalles físicos: Encuadernación rígida en cartón forrado en papel. Ejemplar desencuadernado, falta lomo y la tapa posterior, sin primeras páginas incluida la portada. Varias hojas sueltas y rotas. Texto impreso en una sola columna con varios tipos y tamaños de letra. Ilustraciones, gráficos y fórmulas entre el texto. Nota de desinfección AGN 5 sep 2007. Datos de publicación confirmados con la edición en línea
505 2 _aLos no metales ; Química de compuestos de carbono o química orgánica ; Grasa corporal y compuestos relacionados hidrógeno más pobre
506 _aConsulta en sala
546 _aTexto en alemán
650 7 _aQuímica orgánica
_923000
650 7 _aQuímica inorgánica
_922996
690 _aCiencias naturales
_942755
856 4 _zDisponible en línea
_uhttp://www.archive.org/stream/kurzeslehrbuchd00roscgoog
942 _cLIBRO
_e1
_a25
_2LOCAL
_hE02N098
999 _c67299
_d67299